| 000 | 00458nam a2200181 a 4500 | ||
|---|---|---|---|
| 001 | 1763208569110 | ||
| 003 | ACL | ||
| 005 | 20251115174048.0 | ||
| 008 | 251115s2015##################000#0#eng## | ||
| 020 | _a9781632395498 | ||
| 082 | 0 | 4 |
_a621.042 _bTHO |
| 100 | 1 |
_aThomson, George, _eauthor. |
|
| 245 | 1 | 0 | _aRenewable Energy: Futuristic Approaches : |
| 260 | _c2015. | ||
| 650 | 0 | _aRenewable energy sources. | |
| 942 | _cENGLISH | ||
| 040 |
_aACL _beng _cACL |
||
| 999 |
_c597729 _d597729 |
||